000 00511nam a22001817a 4500
003 OSt
005 20251204142015.0
008 251204b |||||||| |||| 00| 0 eng d
020 _a978-1-4039-8502-6.
040 _aDWCL-Main lib
_cOC
082 _aCirc. 338.4 L845k 2007
100 _aLomine, Loykie
245 _aKey concepts in tourism
_cLomine, Loykie
260 _aN. Y. :
_bPalgrave McMillan,
_cc2007.
300 _aviii, 230 pages ;
_c21 cm.
700 _aEdmunds, James
942 _2ddc
_cBK-CIRC
_kCirc.
_n0
999 _c6849
_d6849